[Event "DEM U10/U10w 2015"]
[Site "Willingen GER"]
[Date "2015.05.25"]
[Round "3"]
[White "Gossing, Marie-Sophie"]
[Black "Schneider, Anna"]
[Result "0-1"]
[Termination "normal"]
[Board "42"]
[WhiteElo "762"]
[BlackElo "1060"]
[PlyCount "64"]
[WhiteFideId "16217284"]
[BlackFideId "16200527"]
[EventCountry "GER"]
[EventRounds "11"]
[EventType "swiss"]
[EventDate "2015.05.23"]

1. e4 e5 2. Nf3 Nc6 3. Nc3 Nf6 4. Bc4 Bc5 5. O-O d6 6. h3 h6 7. d3 g5 8. Re1 g4
9. Nh4 gxh3 10. g3 Ng4 11. Rf1 h2+ 12. Kg2 h1=Q+ 13. Rxh1 Nxf2 14. Qf1 Be6 15.
Kh2 Nxh1 16. Qxh1 Bxc4 17. dxc4 h5 18. Na4 Rg8 19. Nxc5 dxc5 20. Bh6 Nd4 21.
Rd1 Qe7 22. c3 Ne2 23. Nf5 Qf6 24. Rd7 Kxd7 25. Qd1+ Ke8 26. Qxe2 Rh8 27. Bg7
Qg5 28. Bxh8 Kd7 29. Qd1+ Ke8 30. Bxe5 Rd8 31. Qg1 Rd2+ 32. Kh3 Qg4# 0-1